[ Papers presented at Strategies for developing a profitable agency held at Park Plaza International Hotel, Kuala Lumpur on March 17 - 18 2001]

Bibliographic Details
Corporate Author: Strategies for developing a profitable agency
Format: Book
Language:English
Published: 2001
Subjects:

MARC

LEADER 00000cam a2200000 7i4500
001 0000008733
005 20220614.0
008 170111 my eng
040 |a INS 
090 0 0 |a S328 
110 1 |a Strategies for developing a profitable agency   |k 2001   |c Kuala Lumpur 
245 1 0 |a [ Papers presented at Strategies for developing a profitable agency held at Park Plaza International Hotel, Kuala Lumpur on March 17 - 18 2001] 
260 |c 2001 
300 |a v. ( Various paging ) :   |b ill. ;   |c 30 cm. 
500 |a Malaysian Institute of Estate Agents 
500 |a Unpublished 
650 0 |a Real property   |z Malaysia   |v Congresses. 
999 |a S000000907   |b BOOK   |c Seminar   |e Default branch